Hazratbal: (Record no. 57152)

MARC details
000 -LEADER
fixed length control field 00739nam a22002177a 4500
005 - DATE AND TIME OF LATEST TRANSACTION
control field 20110929113533.0
010 ## - LCCN (DPL NO)
LC control number G-001634
020 ## - INTERNATIONAL STANDARD BOOK NUMBER
Terms of availability 795.00
International Standard Book Number 9788183390798
035 1d - SYSTEM CONTROL NUMBER
System control number G-001634
037 ## - SOURCE OF ACQUISITION
Source of stock number/acquisition Gift
082 ## - DEWEY DECIMAL CLASSIFICATION NUMBER
Classification number 954.11
100 ## - MAIN ENTRY--PERSONAL NAME
Personal name Gauhar, G.N.
245 E# - TITLE STATEMENT
Title Hazratbal:
Statement of responsibility, etc by G.N. Gauhar
Remainder of title the central stage of Kashmir politics /
260 ## - PUBLICATION, DISTRIBUTION, ETC. (IMPRINT)
Place of publication, distribution, etc Shrnagar
Name of publisher, distributor, etc Gulshan Books
Date of publication, distribution, etc 2008
270 ## - ADDRESS
Address Residency Road,
City Srinagar
Postal code 190001
300 ## - PHYSICAL DESCRIPTION
Extent 268p.
Dimensions 24cm(Hb)
500 ## - GENERAL NOTE
General note Includes index
942 ## - ADDED ENTRY ELEMENTS (KOHA)
Source of classification or shelving scheme Dewey Decimal Classification
Item type English Books
Classification part 954.11
Call number suffix GAU
Holdings
Withdrawn status Lost status Not for loan Collection code Home library Current library Date acquired Source of acquisition Cost, normal purchase price Full call number Barcode Copy number Cost, replacement price Koha item type
      Non-fiction Janak Puri Janak Puri 29/09/2011 gift 795.00 954.11 GAU G-001634 1 795.00 English Books

© Delhi Public Library
Hit Counter
free hit counter